ბათუმის შოთა რუსთაველის სახელმწიფო უნივერსიტეტის ბიბლიოთეკა

Современные перспективы развития английского языка и фактор ретронимии в моделировании языковой картины мира / (ბიბ.ჩანაწერი № 52159)

000 -ლიდერი
ფიქსირებული სიგრძის საკონტროლო ველი 01287nam a2200241Ia 4500
001 - საკონტროლო ნომერი
საკონტროლო ველი 19166
003 - საკონტროლო ნომრის იდენტიფიკატორი
საკონტროლო ველი GE_BSU
005 - ბოლო ოპერაციის თარიღი და დრო
საკონტროლო ველი 20210312150842.0
008 - ფიქსირებული სიგრძის მონაცემთა ელემენტები - ზოგადი ინფორმაცია
ფიქსირებული სიგრძის საკონტროლო ველი 181216s2013||||ge |||||||||||||| ||geo||
040 ## - კატალოგიზაციის წყარო
Transcribing agency GE_BSU
041 ## - ენის კოდი
Language code of text/sound track or separate title geo
080 ## - უნივერსალური ათობითი კლასიფიკაციის ინდექსი
Universal Decimal Classification number 81 М-99
100 ## - მთავარი ჩანაწერი - პიროვნების სახელი
Personal name Мхитарян, Кристина
9 (RLIN) 10448
245 ## - ცნობა სათაურის შესახებ
Title Современные перспективы развития английского языка и фактор ретронимии в моделировании языковой картины мира /
Statement of responsibility, etc Кристина, Мхитарян; Научн. руков. З. Бежанов; Батумский гос. ун-т им. Шота Руставели
264 ## - წარმოების, გამოცემის, დისტრიბუციის და სხვა ცნობები
გამოცემის, წარმოების, დისტრიბუციის... ადგილი Батуми :
გამოცემის, წარმოების, დისტრიბუციის... სახელწოდება Батумский гос. ун-т им. Ш. Руставели,
გამოცემის, წარმოების, დისტრიბუციის... თარიღი 2013.
300 ## - ფიზიკური აღწერა
Extent 137 стр.
Other physical details 30 см.
653 ## - INDEX TERM--UNCONTROLLED
Uncontrolled term Современные перспективы развития английского языка и фактор ретронимии в моделировании языковой картины мира
653 ## - INDEX TERM--UNCONTROLLED
Uncontrolled term Языкознание
653 ## - INDEX TERM--UNCONTROLLED
Uncontrolled term დისერტაცია
653 ## - INDEX TERM--UNCONTROLLED
Uncontrolled term ენათმეცნიერება
700 ## - ADDED ENTRY--PERSONAL NAME
Personal name Бежанов, З.
Relator term Научн. руководитель
9 (RLIN) 10449
942 ## - ADDED ENTRY ELEMENTS (KOHA)
Koha item type წიგნი
Source of classification or shelving scheme
ეგზემპლარები
ჩამოწერის სტატუსი დაკარგული ეგზემპლარის სტატუსი კლასიფიკაციის წყარო ან თაროზე გაწყობის სქემა დაზიანების სტატუსი არ გაიცემა მუდმივი მდებარეობა (დაცვის ადგილი) ამჟამინდელი ადგილსამყოფელი თაროზე განთავსების ადგილი შეძენის თარიღი სრული შენახვის შიფრი შტრიხკოდი ბოლო ოპერაციის თარიღი ეგზემპლარის მიმდევრობითი ნომერი (კეტერი?) ფასის ძალაში შესვლის თარიღი ეგზემპლარის სახეობა საჯარო შენიშვნა
          ბათუმის შოთა რუსთაველის სახელმწიფო უნივერსიტეტის მთავარი ბიბლიოთეკა ბათუმის შოთა რუსთაველის სახელმწიფო უნივერსიტეტის მთავარი ბიბლიოთეკა წიგნსაცავი 2018-12-17 81 М-99 158 დისერტ. 2018-12-17 158 2018-12-17 დისერტაცია